000 01553nam2a2200253 4500
001 RU\NLR\BIBL_A\010764532
005 20250614094812.0
010 _a978-5-9906520-5-7
_bч. 6
_9100
021 _aRU
_b2015-27441
_91618
035 _a(NLR Aleph) 010764532
090 _a9994697
_c9994697
100 _a20150522d2015 |||y0rusy50 ca
101 0 _arus
102 _aRU
105 _aa|||z|||100yy
200 0 _aЧ. 6
210 _d2015
_aБ. м.
215 _a181, [1] с.
_cил.
320 _aБиблиогр. в конце ст.
461 0 _1001RU\NLR\BIBL_A\010787536
_12000#$aТеоретические и прикладные аспекты современной науки$eсборник научных трудов по материалам VIII Международной научно-практической конференции, г. Белгород, 27 февраля 2015 г.$eв 7 ч.$f[под общ. ред. М. Г. Петровой]$vЧ. 6
_910099336
_cБелгород
_d2015
_f[под общ. ред. М. Г. Петровой]
_nЭпицентр
_oсборник научных трудов по материалам VIII Международной научно-практической конференции, г. Белгород, 27 февраля 2015 г. : в 7 ч.
_tТеоретические и прикладные аспекты современной науки
_y9785990635593
_vЧ. 6
942 _cBOOK
980 _aNB